Statistics for Canada Geography by Letter - H

Click here to take the quiz!

General Stats

  • This quiz has been taken 12 times
  • The average score is 4 of 10

Answer Stats

HintAnswer% Correct
Capital of Nova ScotiaHalifax
100%
Second-largest Great LakeHuron
100%
Canada's largest inland seaHudson Bay
75%
Ontario city known for steelHamilton
58%
Largest and most famous waterfall of NiagaraHorseshoe Falls
50%
Formerly the Queen Charlotte IslandsHaida Gwai
25%
Popular Toronto park with cherry blossomsHigh Park
17%
Iconic Niagara Falls cruiseHornblower
8%
Rock formations in the Bay of FundyHopewell Rocks
0%
Gatineau neighborhood with many museumsHull
0%

Score Distribution

Percentile by Number Answered

Percent of People with Each Score

Your Score History

You have not taken this quiz